书目信息 |
| 题名: |
无线电技术
|
|
| 作者: | 鲍祖尚 著 | |
| 分册: | ||
| 出版信息: | 长春 吉林教育 2019 |
|
| 页数: | 215页 | |
| 开本: | 24cm | |
| 丛书名: | ||
| 单 册: | ||
| 中图分类: | TN014 | |
| 科图分类: | ||
| 主题词: | 无线电技术--wu xian dian ji shu | |
| 电子资源: | ||
| ISBN: | 978-7-5553-6947-9 | |
| 000 | 00882nam0 2200253 450 | |
| 001 | 012001001271 | |
| 005 | 20131107174701.0 | |
| 010 | @a978-7-5553-6947-9@dCNY65.00 | |
| 099 | @aCAL 012019134232 | |
| 100 | @a20190729d2019 em y0chiy50 ea | |
| 101 | 0 | @achi |
| 102 | @aCN@b220000 | |
| 105 | @aak z 000yy | |
| 106 | @ar | |
| 200 | 1 | @a无线电技术@Awu xian dian ji shu@f鲍祖尚著 |
| 210 | @a长春@c吉林教育@d2019 | |
| 215 | @a215页@c图@d24cm | |
| 320 | @a有书目 (第215页) | |
| 330 | @a本书主要从无线电技术的概述讲起, 先介绍了无线电技术的基础、调频技术及应用、无线电频谱的管理模式、无线电的电子测量等内容, 着重在认知无线电的概述、认知无线电技术和认知无线电的应用进行阐述, 认知无线电安全问题。 | |
| 606 | 0 | @a无线电技术@Awu xian dian ji shu |
| 690 | @aTN014@v5 | |
| 701 | 0 | @a鲍祖尚@Abao zu shang@4著 |
| 801 | 0 | @aCN@b北京卓展@c20191020 |
| 905 | @b1197905-8@dTN014@e155@f4 | |
| 无线电技术/鲍祖尚著.-长春:吉林教育,2019 |
| 215页:图;24cm |
| ISBN 978-7-5553-6947-9:CNY65.00 |
| 本书主要从无线电技术的概述讲起, 先介绍了无线电技术的基础、调频技术及应用、无线电频谱的管理模式、无线电的电子测量等内容, 着重在认知无线电的概述、认知无线电技术和认知无线电的应用进行阐述, 认知无线电安全问题。 |
| ● |
| 相关链接 |
|
|
|
|
正题名:无线电技术
索取号:TN014/155
 
预约/预借
| 序号 | 登录号 | 条形码 | 馆藏地/架位号 | 状态 | 备注 |
| 1 | 1197905 | 211979055 | 第二样本阅览室/ [索取号:TN014/155] | 在馆 | |
| 2 | 1197906 | 211979064 | 第三借阅区/ [索取号:TN014/155] | 在馆 | |
| 3 | 1197907 | 211979073 | 第三借阅区/ [索取号:TN014/155] | 在馆 | |
| 4 | 1197908 | 211979082 | 第三借阅区/ [索取号:TN014/155] | 在馆 |